| 000 | 00327nam a22001337a 4500 | ||
|---|---|---|---|
| 020 | _a938751674-1 | ||
| 082 |
_a310 _bJAI/S |
||
| 100 | _aT.R.JAIN, V.K.OHRI | ||
| 245 |
_aSTATISTICS FOR ECONOMICS _bCLASS XI |
||
| 260 |
_aDELHI _bVK GLOBAL PUBLISHERS _c2018 |
||
| 300 | _a436 | ||
| 650 |
_aECONOMICS FOR CLASS XI _zINDIA |
||
| 942 | _cBK | ||
| 999 |
_c560 _d560 |
||